[Event "NB II. Breyer csoport"]
[Site "Nyergesujfalu"]
[Date "2023.10.08"]
[Round "1.7"]
[White "Bilibok, Csaba"]
[Black "Gal, Lajos"]
[Result "1-0"]
[WhiteElo "1668"]
[BlackElo "1826"]
[PlyCount "79"]
[EventDate "2023.10.08"]
[EventType "team-tourn"]
[EventRounds "9"]
[EventCountry "HUN"]
[Source "chess.hu"]
[WhiteTeam "Torokbalinti Sakk SE"]
[BlackTeam "NYVSE"]
[WhiteTeamCountry "HUN"]
[BlackTeamCountry "HUN"]

1. d4 d5 2. c4 Nf6 3. Nc3 e6 4. e3 Be7 5. Nf3 O-O 6. Be2 b6 7. Ne5 Bb7 8. Bf3
Nbd7 9. cxd5 exd5 10. Nxd7 Qxd7 11. O-O Rfe8 12. Bd2 Ne4 13. Bg4 f5 14. Bh3 Ng5
15. Qh5 g6 16. Qh6 Qd8 17. Kh1 Nf7 18. Qf4 Bd6 19. Qf3 Ng5 20. Qe2 a5 21. Qd1
Nxh3 22. gxh3 Qh4 23. Qf3 Rad8 24. Nb5 c6 25. Nxd6 Rxd6 26. Qg3 Qe7 27. b4 a4
28. Rac1 Qd7 29. a3 Ba6 30. Rg1 Be2 31. Rce1 Bd3 32. h4 Kh8 33. f3 Rde6 34. h5
Qf7 35. hxg6 hxg6 36. Qg5 Kg7 37. Rg3 Rh8 38. Reg1 Qf6 39. Qf4 Rh4 40. Rxg6+
1-0

[Event "NB II. Breyer csoport"]
[Site "Nyergesujfalu"]
[Date "2023.10.08"]
[Round "1.8"]
[White "Balazs, Andras"]
[Black "Labancz, Janos"]
[Result "1-0"]
[WhiteElo "1866"]
[BlackElo "1645"]
[PlyCount "87"]
[EventDate "2023.10.08"]
[EventType "team-tourn"]
[EventRounds "9"]
[EventCountry "HUN"]
[Source "chess.hu"]
[WhiteTeam "NYVSE"]
[BlackTeam "Torokbalinti Sakk SE"]
[WhiteTeamCountry "HUN"]
[BlackTeamCountry "HUN"]

1. e4 c5 2. c3 Nc6 3. Nf3 d6 4. Bc4 Nf6 5. Qe2 Qc7 6. h3 g6 7. d3 Bg7 8. Be3
O-O 9. O-O Na5 10. Bb5 a6 11. Ba4 b5 12. Bc2 Bb7 13. Nbd2 Nc6 14. Rac1 Nd7 15.
d4 cxd4 16. cxd4 Rfc8 17. Nb3 Qd8 18. Qd2 a5 19. Bh6 Nb4 20. Bb1 Nf6 21. d5
Bxh6 22. Qxh6 a4 23. Nbd4 Rxc1 24. Rxc1 Rc8 25. a3 Na6 26. Nxb5 Nc5 27. Nc3 Ba6
28. Re1 Qb6 29. Qd2 Rb8 30. Nd1 Nfd7 31. Nd4 Ne5 32. Qc3 Ncd3 33. Re2 Nf4 34.
Rd2 Rc8 35. Qb4 Qxb4 36. axb4 Rb8 37. b5 Bxb5 38. Nxb5 Rxb5 39. Nc3 Rb4 40. Ba2
Nfd3 41. f3 Rxb2 42. Rxb2 Nxb2 43. Kf1 Ned3 44. Bb1 {...} 1-0

[Event "NB II. Breyer csoport"]
[Site "Nyergesujfalu"]
[Date "2023.10.08"]
[Round "1.9"]
[White "Nagy, Botond"]
[Black "Meszaros, Vilmos"]
[Result "1/2-1/2"]
[WhiteElo "1557"]
[BlackElo "1704"]
[PlyCount "146"]
[EventDate "2023.10.08"]
[EventType "team-tourn"]
[EventRounds "9"]
[EventCountry "HUN"]
[Source "chess.hu"]
[WhiteTeam "Torokbalinti Sakk SE"]
[BlackTeam "NYVSE"]
[WhiteTeamCountry "HUN"]
[BlackTeamCountry "HUN"]

1. e4 Nf6 2. e5 Nd5 3. d4 d6 4. Nf3 Bg4 5. exd6 exd6 6. Be2 Be7 7. O-O O-O 8.
c4 Nb6 9. Nc3 Nc6 10. b3 Bf6 11. Be3 Re8 12. Rc1 d5 13. c5 Nc8 14. Qd2 Bf5 15.
Rfd1 N8e7 16. Ne1 Qd7 17. Qb2 Bg4 18. Bxg4 Qxg4 19. f3 Qd7 20. Nc2 Nf5 21. Bf2
Bg5 22. Rb1 h5 23. b4 h4 24. Rd3 Re7 25. Qa3 b6 26. Qb3 Rd8 27. Rbd1 Re6 28. a4
a5 29. b5 Nce7 30. Qb1 Rg6 31. Re1 h3 32. g3 Nh6 33. Qd1 Re6 34. Rxe6 Qxe6 35.
f4 Bf6 36. c6 Ng4 37. Ne3 Nxe3 38. Rxe3 Qf5 39. Rd3 Ng6 40. Qf3 Be7 41. Ne2 Qe4
42. Nc3 Qxf3 43. Rxf3 Bb4 44. Na2 Bd6 45. f5 Nf8 46. g4 Re8 47. Be3 Re4 48. g5
Rg4+ 49. Kh1 Rg2 50. Rf2 Rxf2 51. Bxf2 Bf4 52. Nc3 Bxg5 53. Nxd5 g6 54. fxg6
Ne6 55. gxf7+ Kxf7 56. Bg3 Bd8 57. Be5 Kg6 58. Kg1 Kf5 59. Kf2 Ke4 60. Nc3+ Kd3
61. d5 Ng5 62. Ne2 Ke4 63. Bf4 Kxd5 64. Ke3 Kc4 65. Nd4 Kd5 66. Kd3 Nh7 67. Nf3
Nf8 68. Nd4 Ne6 69. Nxe6 Kxe6 70. Ke4 Kf6 71. Bg3 Ke6 72. Kd4 Bf6+ 73. Ke4 Bd8
1/2-1/2

[Event "NB II. Breyer csoport"]
[Site "Nyergesujfalu"]
[Date "2023.10.08"]
[Round "1.10"]
[White "Toth, Kalman"]
[Black "Nagy, Levente"]
[Result "0-1"]
[WhiteElo "1525"]
[BlackElo "1577"]
[PlyCount "104"]
[EventDate "2023.10.08"]
[EventType "team-tourn"]
[EventRounds "9"]
[EventCountry "HUN"]
[Source "chess.hu"]
[WhiteTeam "NYVSE"]
[BlackTeam "Torokbalinti Sakk SE"]
[WhiteTeamCountry "HUN"]
[BlackTeamCountry "HUN"]

1. e4 c5 2. Bc4 Nc6 3. Nf3 g6 4. d4 cxd4 5. Nxd4 Bg7 6. c3 Nf6 7. Qe2 d6 8. O-O
O-O 9. Bb3 Bd7 10. a4 Qb6 11. Nxc6 Bxc6 12. Bc2 Qc7 13. Nd2 Rac8 14. Nf3 Bd7
15. Nd4 Ng4 16. Bd1 d5 17. Nf3 dxe4 18. Qxe4 Bf5 19. Qe2 Rcd8 20. Bc2 Bxc2 21.
Qxc2 Ne5 22. Nxe5 Bxe5 23. g3 Rd7 24. Be3 Rfd8 25. Rfd1 a6 26. Rxd7 Qxd7 27.
Bb6 Qd3 28. Qxd3 Rxd3 29. Be3 Kg7 30. Kf1 f5 31. Ke2 Rd7 32. f4 Bc7 33. Bd4+ e5
34. fxe5 Re7 35. Kd3 Bxe5 36. Re1 Kf6 37. Bxe5+ Rxe5 38. Rxe5 Kxe5 39. a5 g5
40. c4 f4 41. gxf4+ gxf4 42. b4 f3 43. b5 f2 44. Ke2 Kd4 45. bxa6 bxa6 46. Kxf2
Kxc4 47. h4 Kb5 48. Ke2 Kxa5 49. Kd2 Kb4 50. Kc2 Kc4 51. h5 h6 52. Kb2 Kd4 0-1

[Event "NB II. Breyer csoport"]
[Site "Nyergesujfalu"]
[Date "2023.10.08"]
[Round "1.11"]
[White "Pilis, Peter"]
[Black "Klinga, Matyas"]
[Result "1-0"]
[WhiteElo "1521"]
[BlackElo "1247"]
[PlyCount "41"]
[EventDate "2023.10.08"]
[EventType "team-tourn"]
[EventRounds "9"]
[EventCountry "HUN"]
[Source "chess.hu"]
[WhiteTeam "Torokbalinti Sakk SE"]
[BlackTeam "NYVSE"]
[WhiteTeamCountry "HUN"]
[BlackTeamCountry "HUN"]

1. e4 e5 2. Nf3 Nc6 3. Bc4 Bc5 4. c3 d6 5. d4 exd4 6. cxd4 Bb4+ 7. Nc3 Bg4 8.
Be3 Nf6 9. d5 Ne5 10. Qa4+ c6 11. Nxe5 Bxc3+ 12. bxc3 dxe5 13. dxc6 bxc6 14. f3
Bd7 15. Bc5 Qb8 16. O-O Qb2 17. Rfc1 Qd2 18. Qb3 Kd8 19. Rd1 Qg5 20. Bxf7 Kc8
21. Rab1 1-0

[Event "NB II. Breyer csoport"]
[Site "Tatabanya"]
[Date "2023.10.08"]
[Round "1.1"]
[White "Grimm, Daniel"]
[Black "Farkas, Gyula"]
[Result "1-0"]
[WhiteElo "2301"]
[BlackElo "2093"]
[PlyCount "89"]
[EventDate "2023.10.08"]
[EventType "team-tourn"]
[EventRounds "9"]
[EventCountry "HUN"]
[Source "chess.hu"]
[WhiteTeam "Barcza - BEAC I."]
[BlackTeam "Tatabanyai SC"]
[WhiteTeamCountry "HUN"]
[BlackTeamCountry "HUN"]

1. e4 c5 2. Nf3 Nc6 3. d4 cxd4 4. Nxd4 Qb6 5. Nb3 Nf6 6. Nc3 e6 7. Qe2 d6 8. g4
h6 9. Rg1 a6 10. h4 h5 11. g5 Ng4 12. Rg2 Be7 13. f3 Nge5 14. Be3 Qc7 15. f4
Ng6 16. O-O-O Nxh4 17. Rh2 Ng6 18. f5 exf5 19. Nd5 Qb8 20. Rxh5 Rxh5 21. Qxh5
f4 22. Nxf4 Nce5 23. Nxg6 Nxg6 24. Bc4 Ne5 25. Rf1 Bg4 26. Bxf7+ Kd7 27. Qh4
Qh8 28. Qe1 Rc8 29. Kb1 Qh2 30. Rf2 Qh3 31. Bd5 Kc7 32. Nd4 Kb8 33. b3 Bh5 34.
Be6 Ng4 35. Rf3 Qh2 36. Bf4 Qg2 37. Rg3 Qf2 38. Qxf2 Nxf2 39. Bxc8 Kxc8 40. e5
dxe5 41. Bxe5 Ne4 42. Re3 Nd2+ 43. Kb2 Bxg5 44. Rc3+ Kd8 45. Ne6+ 1-0

[Event "NB II. Breyer csoport"]
[Site "Tatabanya"]
[Date "2023.10.08"]
[Round "1.2"]
[White "Simonics, Peter"]
[Black "Farkas, Richard"]
[Result "1-0"]
[WhiteElo "2072"]
[BlackElo "2260"]
[PlyCount "71"]
[EventDate "2023.10.08"]
[EventType "team-tourn"]
[EventRounds "9"]
[EventCountry "HUN"]
[Source "chess.hu"]
[WhiteTeam "Tatabanyai SC"]
[BlackTeam "Barcza - BEAC I."]
[WhiteTeamCountry "HUN"]
[BlackTeamCountry "HUN"]

1. e4 c5 2. Nf3 e6 3. d4 cxd4 4. Nxd4 a6 5. Bd3 Nf6 6. O-O Qc7 7. Kh1 d6 8. f4
Nbd7 9. Nb3 g6 10. c4 Bg7 11. Nc3 O-O 12. Be3 Re8 13. Rc1 b6 14. Bd4 Bb7 15. f5
gxf5 16. exf5 e5 17. Be3 Nc5 18. Nd5 Nxd5 19. cxd5 f6 20. Nxc5 bxc5 21. Be4 Qf7
22. Qf3 Kh8 23. g4 Rg8 24. Rc2 Rab8 25. h4 Rge8 26. g5 Qf8 27. Rg2 Ba8 28. h5
fxg5 29. f6 Qxf6 30. Qxf6 Bxf6 31. Rxf6 Rb4 32. Bf3 e4 33. Bg4 Bxd5 34. Rxd6
Bxa2 35. Bxc5 Rb7 36. Bd7 1-0

[Event "NB II. Breyer csoport"]
[Site "Tatabanya"]
[Date "2023.10.08"]
[Round "1.3"]
[White "Horvath, Andras"]
[Black "Gaspar, David"]
[Result "1-0"]
[WhiteElo "2252"]
[BlackElo "2034"]
[PlyCount "45"]
[EventDate "2023.10.08"]
[EventType "team-tourn"]
[EventRounds "9"]
[EventCountry "HUN"]
[Source "chess.hu"]
[WhiteTeam "Barcza - BEAC I."]
[BlackTeam "Tatabanyai SC"]
[WhiteTeamCountry "HUN"]
[BlackTeamCountry "HUN"]

1. d4 Nf6 2. c4 e6 3. g3 c5 4. Nf3 cxd4 5. Nxd4 Nc6 6. Nxc6 bxc6 7. Bg2 d5 8.
O-O Be7 9. b3 O-O 10. Qc2 Ba6 11. Nd2 Qb6 12. Bb2 Rad8 13. e3 Ng4 14. h3 Nxe3
15. fxe3 Qxe3+ 16. Kh2 dxc4 17. Nxc4 Bxc4 18. Qxc4 Bd6 19. Qg4 g6 20. Qf3 Qg5
21. Bf6 Qd2 22. Bxd8 Rxd8 23. Qxf7+ 1-0

[Event "NB II. Breyer csoport"]
[Site "Tatabanya"]
[Date "2023.10.08"]
[Round "1.4"]
[White "Szekely, Csaba"]
[Black "Isepy, Tamas"]
[Result "1-0"]
[WhiteElo "2052"]
[BlackElo "2076"]
[PlyCount "101"]
[EventDate "2023.10.08"]
[EventType "team-tourn"]
[EventRounds "9"]
[EventCountry "HUN"]
[Source "chess.hu"]
[WhiteTeam "Tatabanyai SC"]
[BlackTeam "Barcza - BEAC I."]
[WhiteTeamCountry "HUN"]
[BlackTeamCountry "HUN"]

1. Nf3 Nf6 2. d4 d6 3. g3 g6 4. Bg2 Bg7 5. O-O c6 6. c4 Bg4 7. Nc3 Qd7 8. Re1
Bh3 9. Bh1 h5 10. e4 Bg4 11. h4 Na6 12. Bf4 Rd8 13. Qe2 O-O 14. Qe3 Nb4 15.
Rac1 Rfe8 16. a3 Na6 17. e5 Bxf3 18. Qxf3 Ng4 19. e6 fxe6 20. Qd3 e5 21. dxe5
dxe5 22. Qxd7 Rxd7 23. Bg5 Nc5 24. Rc2 Rd4 25. Ne4 Ne6 26. Bf3 Kf7 27. Bc1 Red8
28. Kg2 Rd3 29. Ng5+ Nxg5 30. hxg5 R3d4 31. Be4 Rh8 32. f3 Nf6 33. gxf6 exf6
34. Rc3 f5 35. Bc2 h4 36. Rh1 Bf6 37. c5 Rhd8 38. Be3 R4d7 39. gxh4 e4 40. Rc4
exf3+ 41. Kxf3 Bxb2 42. h5 Rh8 43. hxg6+ Kxg6 44. Rxh8 Bxh8 45. Rg4+ Kf7 46.
Bxf5 Rd1 47. Ra4 Kf6 48. Bc8 Ke5 49. Bxb7 Kd5 50. Ba6 Bd4 51. Ke2 1-0

[Event "NB II. Breyer csoport"]
[Site "Tatabanya"]
[Date "2023.10.08"]
[Round "1.5"]
[White "Laza, Szabolcs"]
[Black "Utto, Ferenc"]
[Result "1-0"]
[WhiteElo "2150"]
[BlackElo "1900"]
[PlyCount "119"]
[EventDate "2023.10.08"]
[EventType "team-tourn"]
[EventRounds "9"]
[EventCountry "HUN"]
[Source "chess.hu"]
[WhiteTeam "Barcza - BEAC I."]
[BlackTeam "Tatabanyai SC"]
[WhiteTeamCountry "HUN"]
[BlackTeamCountry "HUN"]

1. d4 d5 2. c4 e6 3. Nf3 Nf6 4. Bg5 Be7 5. Nc3 O-O 6. cxd5 exd5 7. Qc2 c6 8. e3
Nbd7 9. Bd3 Re8 10. O-O Nf8 11. Rab1 h6 12. Bh4 Be6 13. b4 a6 14. a4 Nh5 15.
Bxe7 Qxe7 16. Rfc1 Nf6 17. b5 axb5 18. axb5 c5 19. dxc5 Qxc5 20. Ne4 Qxc2 21.
Nxf6+ gxf6 22. Rxc2 Rec8 23. Rxc8 Rxc8 24. Kf1 Nd7 25. Nd4 Nc5 26. Ke2 Ra8 27.
Rb2 b6 28. Bb1 Kf8 29. Rd2 Ra3 30. Ra2 Rxa2+ 31. Bxa2 Ne4 32. Bb3 Nd6 33. Bc2
Bd7 34. Bd3 Ke7 35. Kf3 f5 36. Kg3 Kf6 37. Kh4 Kg7 38. Kh5 Be6 39. h3 Bd7 40.
Nc6 Be6 41. Nb4 Ne8 42. Nc2 Nd6 43. Nd4 Bd7 44. Kh4 Kf6 45. Kg3 Ke5 46. Kf3 f4
47. g4 fxg3 48. Kxg3 f5 49. Kh4 Be8 50. Nc6+ Kf6 51. Kg3 Bd7 52. Kf4 Be6 53.
Nb4 Ne8 54. Na2 Nd6 55. Nc3 Bf7 56. Na4 Be8 57. Nxb6 Nxb5 58. Nxd5+ Kg6 59.
Bxb5 Bxb5 60. Ne7+ 1-0

[Event "NB II. Breyer csoport"]
[Site "Tatabanya"]
[Date "2023.10.08"]
[Round "1.6"]
[White "Szanto, Levente"]
[Black "Medve, Mark"]
[Result "0-1"]
[WhiteElo "1910"]
[BlackElo "2082"]
[PlyCount "86"]
[EventDate "2023.10.08"]
[EventType "team-tourn"]
[EventRounds "9"]
[EventCountry "HUN"]
[Source "chess.hu"]
[WhiteTeam "Tatabanyai SC"]
[BlackTeam "Barcza - BEAC I."]
[WhiteTeamCountry "HUN"]
[BlackTeamCountry "HUN"]

1. e4 e5 2. Nf3 Nc6 3. d4 exd4 4. Nxd4 Nf6 5. Nc3 Bb4 6. Nxc6 bxc6 7. Bd2 O-O
8. Bd3 Re8 9. f3 d5 10. O-O dxe4 11. Nxe4 Nxe4 12. fxe4 Qd4+ 13. Kh1 Bxd2 14.
Qxd2 Qxb2 15. Qf4 Re7 16. Qh4 Qe5 17. Rab1 Re8 18. Rf3 Be6 19. Rbf1 Rab8 20. h3
Rb2 21. Qf2 f6 22. Qxa7 Rxa2 23. Qe3 Rb8 24. Qf4 c5 25. Qxe5 fxe5 26. c4 Rd2
27. R1f2 Rxf2 28. Rxf2 Rd8 29. Bf1 Rd4 30. Rc2 Rxe4 31. Kg1 Rd4 32. Kf2 Kf7 33.
Ke3 Ke7 34. Bd3 Rxd3+ 35. Kxd3 Bf5+ 36. Kd2 Bxc2 37. Kxc2 Ke6 38. Kd3 Kf5 39.
Ke3 e4 40. g3 Ke5 41. g4 g5 42. Kf2 Kd4 43. Kg3 Kd3 0-1

[Event "NB II. Breyer csoport"]
[Site "Tatabanya"]
[Date "2023.10.08"]
[Round "1.7"]
[White "Palczert, Botond"]
[Black "Bak, Tamas"]
[Result "1-0"]
[WhiteElo "1987"]
[BlackElo "1734"]
[PlyCount "57"]
[EventDate "2023.10.08"]
[EventType "team-tourn"]
[EventRounds "9"]
[EventCountry "HUN"]
[Source "chess.hu"]
[WhiteTeam "Barcza - BEAC I."]
[BlackTeam "Tatabanyai SC"]
[WhiteTeamCountry "HUN"]
[BlackTeamCountry "HUN"]

1. d4 d5 2. c4 e6 3. Nc3 Nf6 4. cxd5 exd5 5. Bg5 Be7 6. e3 O-O 7. Bd3 Nc6 8. h3
Be6 9. Nf3 Nb4 10. Be2 Ne4 11. Bxe7 Qxe7 12. a3 Nc6 13. O-O Rad8 14. Rc1 Qf6
15. b4 Ne7 16. Ne5 Ng6 17. Nf3 a6 18. Nd2 Qh4 19. Ncxe4 dxe4 20. Rxc7 Bxh3 21.
gxh3 Qxh3 22. Bg4 Qh4 23. Rc5 f5 24. Bxf5 Ne7 25. Be6+ Kh8 26. Qg4 Qxg4+ 27.
Bxg4 Rd6 28. Kh2 b6 29. Rg5 1-0

[Event "NB II. Breyer csoport"]
[Site "Tatabanya"]
[Date "2023.10.08"]
[Round "1.8"]
[White "Korim, Zsolt"]
[Black "Szekacs, Mark"]
[Result "0-1"]
[WhiteElo "1736"]
[BlackElo "2005"]
[PlyCount "88"]
[EventDate "2023.10.08"]
[EventType "team-tourn"]
[EventRounds "9"]
[EventCountry "HUN"]
[Source "chess.hu"]
[WhiteTeam "Tatabanyai SC"]
[BlackTeam "Barcza - BEAC I."]
[WhiteTeamCountry "HUN"]
[BlackTeamCountry "HUN"]

1. d4 Nf6 2. Nf3 g6 3. g3 Bg7 4. Bg2 d5 5. O-O O-O 6. b3 c6 7. Bb2 Bg4 8. Nbd2
Nbd7 9. h3 Bf5 10. c4 Ne4 11. Nxe4 Bxe4 12. Ng5 Bxg2 13. Kxg2 e5 14. Nf3 dxc4
15. bxc4 exd4 16. Bxd4 Qe7 17. Rb1 b6 18. Bxg7 Kxg7 19. Qd4+ f6 20. Rb3 Rad8
21. Qb2 Nc5 22. Re3 Qd7 23. Rc1 Kf7 24. Rc2 Qd1 25. Rc1 Qd6 26. Rc2 Rd7 27. Qc1
Qd1 28. Qb2 Rfd8 29. Rc1 Qd6 30. Rc2 Ne6 31. Rd2 Qc7 32. Red3 Nc5 33. Rxd7+
Rxd7 34. Rxd7+ Qxd7 35. Qd4 Qe7 36. e4 Nxe4 37. g4 g5 38. h4 Qe6 39. Nxg5+ fxg5
40. f3 Nd6 41. hxg5 Nxc4 42. Qf4+ Kg6 43. Qc7 Qe2+ 44. Kg3 Qe5+ 0-1

[Event "NB II. Breyer csoport"]
[Site "Tatabanya"]
[Date "2023.10.08"]
[Round "1.9"]
[White "Kelemen, Szabolcs"]
[Black "Korodi, Mihaly"]
[Result "1-0"]
[WhiteElo "1980"]
[BlackElo "1670"]
[PlyCount "87"]
[EventDate "2023.10.08"]
[EventType "team-tourn"]
[EventRounds "9"]
[EventCountry "HUN"]
[Source "chess.hu"]
[WhiteTeam "Barcza - BEAC I."]
[BlackTeam "Tatabanyai SC"]
[WhiteTeamCountry "HUN"]
[BlackTeamCountry "HUN"]

1. e4 c5 2. Nf3 d6 3. d4 cxd4 4. Nxd4 a6 5. c4 Nf6 6. Nc3 g6 7. Be2 Bg7 8. Be3
O-O 9. Qd2 Nc6 10. O-O Bg4 11. f3 Bd7 12. Rac1 Rc8 13. b3 Nh5 14. Nd5 Be6 15.
Nxe6 fxe6 16. Nb6 Rb8 17. c5 Qc7 18. Bc4 Nd8 19. cxd6 Qxd6 20. Qxd6 exd6 21.
Nd7 Ra8 22. Nxf8 Kxf8 23. Rfd1 Ke7 24. Bg5+ Kd7 25. g4 Nf6 26. e5 Ne8 27. exd6
Nf7 28. Be3 Ne5 29. Be2 Nc6 30. Rc2 Nb4 31. Rc4 Nxa2 32. Bd4 b5 33. Rc5 Bh6 34.
Ra1 Nb4 35. Bxb5+ Kxd6 36. Bxe8 Rxe8 37. Rc4 Nc6 38. Rxa6 Rc8 39. Bf2 Kd5 40.
Rc5+ Kd6 41. b4 Kd7 42. b5 Nb8 43. Rxc8 Nxa6 44. Rh8 1-0

[Event "NB II. Breyer csoport"]
[Site "Tatabanya"]
[Date "2023.10.08"]
[Round "1.10"]
[White "Sandor, Viktor"]
[Black "Bod, Marton"]
[Result "1-0"]
[WhiteElo "1746"]
[BlackElo "1817"]
[PlyCount "81"]
[EventDate "2023.10.08"]
[EventType "team-tourn"]
[EventRounds "9"]
[EventCountry "HUN"]
[Source "chess.hu"]
[WhiteTeam "Tatabanyai SC"]
[BlackTeam "Barcza - BEAC I."]
[WhiteTeamCountry "HUN"]
[BlackTeamCountry "HUN"]

1. c4 e5 2. g3 Nf6 3. Bg2 d5 4. Nc3 c6 5. cxd5 cxd5 6. d4 exd4 7. Qxd4 Nc6 8.
Qa4 Bd7 9. Qd1 Bb4 10. Bd2 Be6 11. Nh3 d4 12. Nb1 Nd5 13. O-O O-O 14. Nf4 Nxf4
15. Bxf4 Qf6 16. a3 Ba5 17. Qa4 d3 18. Nc3 Bxc3 19. bxc3 dxe2 20. Rfe1 Rfd8 21.
Rxe2 Qxc3 22. Rc1 Nd4 23. Rxe6 Qb2 24. Ree1 Ne2+ 25. Rxe2 Qxe2 26. Bxb7 Qe7 27.
Bxa8 Rxa8 28. Qc6 Rd8 29. a4 g5 30. Be3 Rd6 31. Qc8+ Rd8 32. Qf5 h6 33. Qg4 Kg7
34. h4 Rd5 35. hxg5 hxg5 36. Bd4+ f6 37. Be3 Re5 38. Qd4 Kg6 39. Qd3+ Kg7 40.
Rc8 Qb7 41. Qc4 1-0

[Event "NB II. Breyer csoport"]
[Site "Tatabanya"]
[Date "2023.10.08"]
[Round "1.11"]
[White "Schatzer, Andras"]
[Black "Korim, Adam"]
[Result "1-0"]
[WhiteElo "1864"]
[BlackElo "1347"]
[PlyCount "63"]
[EventDate "2023.10.08"]
[EventType "team-tourn"]
[EventRounds "9"]
[EventCountry "HUN"]
[Source "chess.hu"]
[WhiteTeam "Barcza - BEAC I."]
[BlackTeam "Tatabanyai SC"]
[WhiteTeamCountry "HUN"]
[BlackTeamCountry "HUN"]

1. Nf3 d5 2. g3 Nf6 3. Bg2 e6 4. d3 c5 5. c4 dxc4 6. Qa4+ Nc6 7. Qxc4 Be7 8.
Be3 b6 9. d4 Nd5 10. Bd2 Rb8 11. dxc5 bxc5 12. Qc1 Ba6 13. Nc3 Nd4 14. Nxd4
cxd4 15. Nxd5 Rc8 16. Qd1 exd5 17. Qa4+ Qd7 18. Qxa6 Bc5 19. O-O O-O 20. Rac1
Bb6 21. a4 Qe6 22. a5 Bc5 23. Qxe6 fxe6 24. b4 Bd6 25. Bh3 Rxc1 26. Bxe6+ Kh8
27. Rxc1 Re8 28. Bxd5 h6 29. Bf3 Be5 30. b5 Rb8 31. b6 axb6 32. a6 1-0

[Event "NB II. Breyer csoport"]
[Site "Tatabanya"]
[Date "2023.10.08"]
[Round "1.12"]
[White "Szarka, Zsombor"]
[Black "Fan, Xiaotong"]
[Result "0-1"]
[WhiteElo "1205"]
[BlackElo "1557"]
[PlyCount "50"]
[EventDate "2023.10.08"]
[EventType "team-tourn"]
[EventRounds "9"]
[EventCountry "HUN"]
[Source "chess.hu"]
[WhiteTeam "Tatabanyai SC"]
[BlackTeam "Barcza - BEAC I."]
[WhiteTeamCountry "HUN"]
[BlackTeamCountry "HUN"]

1. g3 g6 2. Bg2 Bg7 3. Nc3 Nf6 4. d4 d5 5. Nf3 O-O 6. Bg5 Ne4 7. Qd3 Bf5 8. Qb5
Nxg5 9. Nxg5 e6 10. Nf3 Nd7 11. Rc1 a6 12. Qb4 b6 13. O-O c5 14. dxc5 bxc5 15.
Qf4 d4 16. Nxd4 cxd4 17. Bxa8 Qxa8 18. Na4 Bh3 19. f3 Bxf1 20. Kxf1 Qc6 21. b3
e5 22. Qd2 Nf6 23. c3 Rc8 24. c4 e4 25. f4 e3 0-1

[Event "NB II. Breyer csoport"]
[Site "Budapest"]
[Date "2023.10.08"]
[Round "1.1"]
[White "Orgovan, Sandor"]
[Black "Berta, Sandor"]
[Result "1/2-1/2"]
[WhiteElo "2136"]
[BlackElo "2014"]
[PlyCount "65"]
[EventDate "2023.10.08"]
[EventType "team-tourn"]
[EventRounds "9"]
[EventCountry "HUN"]
[Source "chess.hu"]
[WhiteTeam "Varosgazda Akademia"]
[BlackTeam "MTK Budapest II."]
[WhiteTeamCountry "HUN"]
[BlackTeamCountry "HUN"]

1. e4 g6 2. d4 Bg7 3. f4 d5 4. e5 h5 5. Nf3 Bg4 6. Be3 Nh6 7. Bd3 e6 8. Nbd2
Nf5 9. Bf2 Bh6 10. h3 Bxf3 11. Qxf3 Nh4 12. Bxh4 Qxh4+ 13. g3 Qe7 14. O-O-O Nd7
15. Kb1 O-O-O 16. g4 c5 17. c4 Kb8 18. cxd5 exd5 19. Qxd5 Nb6 20. Qxc5 Qxc5 21.
dxc5 Rxd3 22. cxb6 Bxf4 23. bxa7+ Kxa7 24. Nc4 Rg3 25. gxh5 Rxh5 26. Rhf1 g5
27. Rd7 Rhxh3 28. Rxf7 Rg2 29. Re1 Rhh2 30. a4 Rc2 31. Re4 Bxe5 32. Rxe5 Rxc4
33. Rxg5 1/2-1/2

[Event "NB II. Breyer csoport"]
[Site "Budapest"]
[Date "2023.10.08"]
[Round "1.2"]
[White "Birovecz, Ben Jordan"]
[Black "Botos, Ferenc"]
[Result "1/2-1/2"]
[WhiteElo "1978"]
[BlackElo "2181"]
[PlyCount "120"]
[EventDate "2023.10.08"]
[EventType "team-tourn"]
[EventRounds "9"]
[EventCountry "HUN"]
[Source "chess.hu"]
[WhiteTeam "MTK Budapest II."]
[BlackTeam "Varosgazda Akademia"]
[WhiteTeamCountry "HUN"]
[BlackTeamCountry "HUN"]

1. d4 Nf6 2. c4 e6 3. Nc3 d5 4. Bg5 Be7 5. e3 O-O 6. cxd5 exd5 7. Bd3 c6 8. Qc2
h6 9. Bh4 Re8 10. Nge2 Ne4 11. Bxe7 Qxe7 12. O-O Nd7 13. Rae1 Nd6 14. Ng3 Nf8
15. f3 Ne6 16. Qa4 b5 17. Qd1 b4 18. Na4 Nb5 19. Nf5 Qf8 20. Bb1 g6 21. Ng3 Ba6
22. Rf2 Rad8 23. Rc2 Qd6 24. Nc5 Bc8 25. Nd3 Kg7 26. Qd2 a5 27. Rcc1 Nf8 28.
Ne5 Bb7 29. Qd3 Rc8 30. f4 Ba6 31. Qc2 Rc7 32. h4 Rec8 33. h5 c5 34. hxg6 fxg6
35. Qd2 Qd8 36. f5 cxd4 37. Rxc7+ Rxc7 38. exd4 Qg5 39. Qxg5 hxg5 40. fxg6 Nxd4
41. Nh5+ Kh6 42. g7 Rxg7 43. Nxg7 Kxg7 44. Nf3 Nxf3+ 45. gxf3 Kf6 46. Kf2 Ne6
47. Ke3 d4+ 48. Kd2 Bc4 49. a3 Nc5 50. axb4 axb4 51. Re8 Be6 52. Rb8 b3 53. Rb5
Nd7 54. Be4 Ne5 55. Rb4 Nc4+ 56. Kd3 Nxb2+ 57. Kxd4 Nd1 58. Bd5 Bxd5 59. Kxd5
Kf5 60. Rxb3 Kf4 1/2-1/2

[Event "NB II. Breyer csoport"]
[Site "Budapest"]
[Date "2023.10.08"]
[Round "1.3"]
[White "Horvath, Gabor"]
[Black "Yip, Michael"]
[Result "1-0"]
[WhiteElo "2144"]
[BlackElo "1909"]
[PlyCount "53"]
[EventDate "2023.10.08"]
[EventType "team-tourn"]
[EventRounds "9"]
[EventCountry "HUN"]
[Source "chess.hu"]
[WhiteTeam "Varosgazda Akademia"]
[BlackTeam "MTK Budapest II."]
[WhiteTeamCountry "HUN"]
[BlackTeamCountry "HUN"]

1. e4 g6 2. d4 Bg7 3. Nc3 c6 4. Nf3 d5 5. h3 dxe4 6. Nxe4 Nd7 7. Bc4 Nb6 8. Bb3
Nf6 9. Nxf6+ exf6 10. O-O O-O 11. Re1 Re8 12. Bf4 Be6 13. Bxe6 Rxe6 14. Rxe6
fxe6 15. Qe2 Qd7 16. Re1 Re8 17. Bg3 Qd5 18. b3 Qf5 19. c4 Qa5 20. Bc7 Qb4 21.
Nd2 Qe7 22. Bg3 Nd7 23. Qd3 Qf7 24. Ne4 Bf8 25. Qf3 Kg7 26. Rd1 Nb6 27. Nxf6
1-0

[Event "NB II. Breyer csoport"]
[Site "Budapest"]
[Date "2023.10.08"]
[Round "1.4"]
[White "Horvath, Andras"]
[Black "Gombocz, Zsolt"]
[Result "1-0"]
[WhiteElo "1837"]
[BlackElo "2010"]
[PlyCount "53"]
[EventDate "2023.10.08"]
[EventType "team-tourn"]
[EventRounds "9"]
[EventCountry "HUN"]
[Source "chess.hu"]
[WhiteTeam "MTK Budapest II."]
[BlackTeam "Varosgazda Akademia"]
[WhiteTeamCountry "HUN"]
[BlackTeamCountry "HUN"]

1. e4 Nf6 2. Nc3 d5 3. exd5 Nxd5 4. Bc4 e6 5. Nf3 Be7 6. O-O O-O 7. d4 Nxc3 8.
bxc3 b6 9. Re1 Bb7 10. Bf4 h6 11. Ne5 Bd5 12. Qg4 Bg5 13. Bxg5 hxg5 14. Bd3 Qf6
15. Re3 g6 16. Rg3 Kg7 17. c4 Bb7 18. Re1 Rd8 19. d5 Qf4 20. Qe2 Nd7 21. Nxf7
Qxf7 22. dxe6 Qf6 23. exd7 Rxd7 24. Re3 Rf8 25. Re6 Qf7 26. Rxg6+ Qxg6 27. Bxg6
1-0